Tennis players to have beaten all of the "Big Four" - Statistics

General Stats
  • This quiz has been taken 603 times
    461 since last reset
  • The average score is 11 of 17
Answer Stats
Total Win-Loss Country Answer % Correct
21 - 73 Switzerland Stan Wawrinka
97%
20 - 52 Argentina Juan Martin del Potro
96%
16 - 20 Austria Dominic Thiem
90%
9 - 44 Japan Kei Nishikori
88%
18 - 55 France Jo-Wilfried Tsonga
85%
8 - 45 Croatia Marin Cilic
85%
19 - 76 Czech Republic Tomas Berdych
78%
14 - 40 USA Andy Roddick
74%
7 - 16 Australia Nick Kyrgios
67%
6 - 31 Sweden Robin Soderling
56%
14 - 36 Russia Nikolay Davydenko
53%
13 - 25 Argentina David Nalbandian
48%
6 - 42 France Gilles Simon
47%
8 - 21 Chile Fernando Gonzalez
43%
10 - 31 Croatia Ivan Ljubicic
34%
6 - 15 Croatia Mario Ancic
22%
7 - 15 France Arnaud Clement
13%
No matching quizzes found
Score Distribution
Percent of People with Each Score
Percentile by Number Answered
Your Score History
You have not taken this quiz since the last reset